[Event "Niteroi op 2nd"]
[Site "Niteroi"]
[Date "2022.09.04"]
[Round "5"]
[White "Rodrigues, Julliano de Araujo"]
[Black "Fernandes, Gabriel Bourdon"]
[Result "1-0"]
[WhiteElo "1829"]
[BlackElo "1201"]
[PlyCount "39"]
[EventDate "2022.09.01"]
[EventType "swiss"]
[EventRounds "9"]
[EventCountry "BRA"]
[SourceTitle "CBM 210 Extra"]
[Source "ChessBase"]
[SourceDate "2022.11.30"]
[SourceVersion "1"]
[SourceVersionDate "2022.11.30"]
[SourceQuality "1"]

1. e4 c5 2. Nf3 e6 3. d4 cxd4 4. Nxd4 a6 5. Bd3 Nf6 6. 0-0 Qc7 7. Nc3 Bb4 8. Nce2 0-0 9. c3 Be7 10. Bf4 e5 11. Nf5 d6 12. Nxe7+ Qxe7 13. Bg5 Nbd7 14. Ng3 Nc5 15. Bc2 h6 16. Be3 Rd8 17. b4 Ne6 18. Bb6 Nc7 19. c4 Nd7 20. Bxc7 1-0

[Event "Niteroi op 2nd"]
[Site "Niteroi"]
[Date "2022.09.01"]
[Round "1"]
[White "Fernandes, Gabriel Bourdon"]
[Black "Okamura, Milton Kasuo"]
[Result "0-1"]
[WhiteElo "1201"]
[BlackElo "1960"]
[PlyCount "64"]
[EventDate "2022.09.01"]
[EventType "swiss"]
[EventRounds "9"]
[EventCountry "BRA"]
[SourceTitle "CBM 210 Extra"]
[Source "ChessBase"]
[SourceDate "2022.11.30"]
[SourceVersion "1"]
[SourceVersionDate "2022.11.30"]
[SourceQuality "1"]

1. c4 e5 2. Nc3 Nf6 3. g3 d5 4. cxd5 Nxd5 5. Bg2 Nb6 6. e3 Be7 7. Nge2 0-0 8. 0-0 c6 9. Qc2 Bg4 10. Re1 Na6 11. Qe4 Bxe2 12. Nxe2 Nc5 13. Qc2 Nd3 14. Rd1 f5 15. Qb3+ Kh8 16. f4 e4 17. Nd4 Qd7 18. Ne6 Rf6 19. Ng5 Nd5 20. Bf1 Nc5 21. Qc2 Rd8 22. b3 Nxe3 23. dxe3 Qxd1 24. Qc4 Qd5 25. Bb2 Rff8 26. Bd4 h6 27. Qe2 Bxg5 28. fxg5 Ne6 29. gxh6 Nxd4 30. hxg7+ Kxg7 31. Qb2 Qe5 32. Kf2 Nf3 0-1

[Event "BRA-ch Amateur U1600"]
[Site "Sao Paulo"]
[Date "2022.06.18"]
[Round "5"]
[White "Fernandes, Gabriel Bourdon"]
[Black "Brito, Nicolas Neres"]
[Result "0-1"]
[WhiteElo "1765"]
[BlackElo "1239"]
[PlyCount "120"]
[EventDate "2022.06.16"]
[EventType "swiss"]
[EventRounds "7"]
[EventCountry "BRA"]
[SourceTitle "CBM 208 Extra"]
[Source "ChessBase"]
[SourceDate "2022.07.31"]
[SourceVersion "1"]
[SourceVersionDate "2022.07.31"]
[SourceQuality "1"]

1. c4 e5 2. g3 Nf6 3. Nc3 d5 4. cxd5 Nxd5 5. Bg2 Nb6 6. Nf3 Nc6 7. e4 Bc5 8. d3 Bg4 9. a3 a5 10. h3 Bh5 11. 0-0 Qd7 12. Be3 Bxe3 13. fxe3 Bg6 14. d4 f6 15. d5 Na7 16. Nh4 Nc4 17. Qe2 Nd6 18. g4 Nab5 19. Nxb5 Nxb5 20. Nf5 Nd6 21. Nxd6+ cxd6 22. b4 0-0 23. b5 a4 24. Rab1 Rfc8 25. Rfc1 Rxc1+ 26. Rxc1 Rc8 27. Rxc8+ Qxc8 28. Qd3 Qc1+ 29. Kh2 h5 30. Kg3 h4+ 31. Kf2 Qb2+ 32. Kf3 Qb3 33. Qxb3 axb3 34. Bf1 Kf8 35. Bd3 Ke7 36. Ke2 Kd8 37. Kd2 Kc7 38. Kc3 Kb6 39. Kb4 Be8 40. a4 Ka7 41. Kxb3 Bd7 42. Kb4 Bc8 43. Ka5 g6 44. b6+ Kb8 45. Kb4 Bd7 46. Bb5 Bc8 47. Be8 Bxg4 48. Bxg6 Bxh3 49. Bh5 Bg2 50. Bg4 h3 51. Bxh3 Bxh3 52. Kc3 Bf1 53. Kd2 Kc8 54. Ke1 Bd3 55. Kf2 Bxe4 56. Kg3 Bxd5 57. Kh4 Bf7 58. Kg3 Kd7 59. Kg4 Bg6 60. Kf3 Kc6 0-1

[Event "BRA-ch Amateur U1600"]
[Site "Sao Paulo"]
[Date "2022.06.18"]
[Round "6"]
[White "Ferreira, Wagner Maria Gangin"]
[Black "Fernandes, Gabriel Bourdon"]
[Result "0-1"]
[WhiteElo "1180"]
[BlackElo "1765"]
[PlyCount "76"]
[EventDate "2022.06.16"]
[EventType "swiss"]
[EventRounds "7"]
[EventCountry "BRA"]
[SourceTitle "CBM 208 Extra"]
[Source "ChessBase"]
[SourceDate "2022.07.31"]
[SourceVersion "1"]
[SourceVersionDate "2022.07.31"]
[SourceQuality "1"]

1. d4 Nf6 2. Nf3 g6 3. Bf4 Bg7 4. e3 d6 5. Nbd2 Nbd7 6. c3 Nh5 7. Bg3 Nxg3 8. hxg3 a6 9. Ng5 Nf6 10. Bc4 d5 11. Bb3 h6 12. Nh3 a5 13. c4 b6 14. Kf1 c6 15. Ba4 Qd6 16. Qb3 Rb8 17. Qd3 Ba6 18. Qc2 Ng4 19. Kg1 Qf6 20. Nf3 b5 21. cxb5 cxb5 22. Bb3 Rc8 23. Qd2 Qc6 24. Nf4 a4 25. Bd1 Qc4 26. Be2 Qc2 27. Qxc2 Rxc2 28. b3 a3 29. Kf1 e6 30. Nh2 Nf6 31. f3 0-0 32. Kf2 Rfc8 33. Nd3 b4 34. Rhc1 Bxd3 35. Rxc2 Rxc2 36. Re1 Rxa2 37. Ng4 Nxg4+ 38. fxg4 Rxe2+ 0-1

[Event "BRA-ch Amateur U1600"]
[Site "Sao Paulo"]
[Date "2022.06.17"]
[Round "3"]
[White "Bernardo, Henrique Carvalho"]
[Black "Fernandes, Gabriel Bourdon"]
[Result "1-0"]
[WhiteElo "1329"]
[BlackElo "1765"]
[PlyCount "117"]
[EventDate "2022.06.16"]
[EventType "swiss"]
[EventRounds "7"]
[EventCountry "BRA"]
[SourceTitle "CBM 208 Extra"]
[Source "ChessBase"]
[SourceDate "2022.07.31"]
[SourceVersion "1"]
[SourceVersionDate "2022.07.31"]
[SourceQuality "1"]

1. e4 e5 2. Nf3 Nc6 3. Bc4 Nf6 4. d4 exd4 5. e5 Qe7 6. 0-0 Ng4 7. h3 Ngxe5 8. Nxe5 Nxe5 9. Re1 Qc5 10. Qe2 Be7 11. Qxe5 Qxe5 12. Rxe5 d6 13. Re1 Bf5 14. Na3 Kd7 15. Nb5 Bf6 16. Bd3 Bxd3 17. cxd3 a6 18. Na3 Rhe8 19. Bf4 Be5 20. Bxe5 dxe5 21. Nc4 f6 22. Rac1 a5 23. Re4 b5 24. Nd2 a4 25. Rh4 h6 26. Rg4 Re7 27. Ne4 Kc8 28. Nd6+ Kd7 29. Nf5 Rf7 30. Rxg7 Rxg7 31. Nxg7 a3 32. b3 Rc8 33. Nf5 h5 34. Ng3 h4 35. Nf5 Rh8 36. Kh2 Rh5 37. g4 hxg3+ 38. Nxg3 Rh4 39. Rh1 f5 40. Kg2 f4 41. Ne4 Ke6 42. Rc1 f3+ 43. Kg3 Rf4 44. Rc6+ Kd5 45. Rxc7 Rxe4 46. dxe4+ Kxe4 47. Rc1 Kd3 48. Kxf3 Kd2 49. Rh1 Kc2 50. h4 d3 51. h5 Kb2 52. h6 Kxa2 53. h7 b4 54. h8Q e4+ 55. Kxe4 Kxb3 56. Rb1+ Kc2 57. Qa1 b3 58. Rc1+ Kd2 59. Qc3+ 1-0

[Event "BRA-ch Amateur U1600"]
[Site "Sao Paulo"]
[Date "2022.06.16"]
[Round "1"]
[White "Fernandes, Gabriel Bourdon"]
[Black "Tsuchie, Davi Pinheiro"]
[Result "0-1"]
[WhiteElo "1765"]
[BlackElo "1380"]
[PlyCount "66"]
[EventDate "2022.06.16"]
[EventType "swiss"]
[EventRounds "7"]
[EventCountry "BRA"]
[SourceTitle "CBM 208 Extra"]
[Source "ChessBase"]
[SourceDate "2022.07.31"]
[SourceVersion "1"]
[SourceVersionDate "2022.07.31"]
[SourceQuality "1"]

1. c4 e6 2. Nc3 d5 3. d4 Nf6 4. Nf3 h6 5. e3 Be7 6. Qc2 0-0 7. c5 b6 8. b4 a5 9. Ba3 Nc6 10. bxa5 Rxa5 11. Nb5 Qd7 12. Ne5 Nxe5 13. dxe5 Ne4 14. c6 Qd8 15. Bxe7 Qxe7 16. a3 Ba6 17. Qb2 Ra8 18. a4 Nc5 19. Qc2 Bxb5 20. Bxb5 Rxb5 21. 0-0 Rba5 22. Ra3 Rxa4 23. Rxa4 Rxa4 24. f4 Qe8 25. f5 exf5 26. Qxf5 Re4 27. Ra1 Rxe5 28. Ra8 Qxa8 29. Qxe5 Qxc6 30. Qf5 Qe6 31. Qf4 Nd3 32. Qd4 Qf5 33. e4 dxe4 0-1